Ketetapan² M. P. R. S. tonggak konstitusionil Orde Baru; (Record no. 87656)

MARC details
000 -LEADER
fixed length control field 00912cam a22002291 4500
001 - CONTROL NUMBER
control field sa 68017302
003 - CONTROL NUMBER IDENTIFIER
control field DLC
005 - DATE AND TIME OF LATEST TRANSACTION
control field 20260227112702.0
008 - FIXED-LENGTH DATA ELEMENTS--GENERAL INFORMATION
fixed length control field 721113s1966 xx 000 0 ind
010 ## - LIBRARY OF CONGRESS CONTROL NUMBER
LC control number sa 68017302
035 ## - SYSTEM CONTROL NUMBER
System control number (OCoLC)493261
040 ## - CATALOGING SOURCE
Original cataloging agency DLC
Transcribing agency OAU
Modifying agency DLC
042 ## - AUTHENTICATION CODE
Authentication code premarc
050 00 - LIBRARY OF CONGRESS CALL NUMBER
Classification number JQ763 1966
Item number .K4
245 00 - TITLE STATEMENT
Title Ketetapan² M. P. R. S. tonggak konstitusionil Orde Baru;
Statement of responsibility, etc. [himpunan dari beberapa tjeramah dan pidato Ketua Madjelis Permusjawaratan Rakjat Sementara] A. H. Nasution. [Tjet. 1.]
260 ## - PUBLICATION, DISTRIBUTION, ETC.
Place of publication, distribution, etc. Djakarta,
Name of publisher, distributor, etc. Pantjuran Tudjuh
Date of publication, distribution, etc. [1966]
300 ## - PHYSICAL DESCRIPTION
Extent xv, 294 p.
Other physical details illus., ports.
Dimensions 21 cm.
500 ## - GENERAL NOTE
General note "Ketetapan-ketetapan Madjelis Permusjawaratan Rakjat Sementara sidang umum ke-IV tahun 1966": p. 87-243.
651 #0 - SUBJECT ADDED ENTRY--GEOGRAPHIC NAME
Geographic name Indonesia
General subdivision Politics and government
Chronological subdivision 1966-
700 1# - ADDED ENTRY--PERSONAL NAME
Personal name Nasution, Abdul Haris,
Dates associated with a name 1918-2000.
710 1# - ADDED ENTRY--CORPORATE NAME
Corporate name or jurisdiction name as entry element Indonesia.
Subordinate unit Majelis Permusyawaratan Rakyat.

No items available.

Powered by Koha